| 000 | 00690nam a2200217 a 4500 | ||
|---|---|---|---|
| 001 | 38522 | ||
| 003 | BD-RjUL | ||
| 005 | 20220403141303.0 | ||
| 008 | 151223s1969 bg ||||| |||| 00| 0 ben d | ||
| 035 | _a(BD-RjUL)38627 | ||
| 040 |
_aBD-RjUL _bben _cBD-RjUL |
||
| 041 | _aben | ||
| 082 |
_223 _a891.441 _bJAJ 1969 |
||
| 100 |
_aজসীমউদদীন _9118920 |
||
| 245 |
_aজলের লেখন / _cজসীমউদদীন |
||
| 260 |
_aঢাকা : _bপলাশ প্রকাশনী, _c১৯৬৯. |
||
| 300 |
_a৭২ পৃ.; _c২২ সেমি. |
||
| 650 |
_aবাংলা কবিতা _9118921 |
||
| 650 |
_aBengali poetry _9118922 |
||
| 942 |
_2ddc _cBK |
||
| 999 |
_c38522 _d38522 |
||